Estado social de derecho y negociación colectiva en el sector público

Se discute el tema del estado social de derecho y el derecho de la negociación en el sector público en Costa Rica. Asimismo, se compara el caso de Costa Rica con otras naciones para finalizar con un análisis de la historia en materia de negociación colectiva del sector público

Guardat en:
Dades bibliogràfiques
Autor corporatiu: Bolaños Céspedes, Fernando
Format: Text
Publicat: San José: Litografía e Imprenta LIL
Matèries:
Etiquetes: Afegir etiqueta
Sense etiquetes, Sigues el primer a etiquetar aquest registre!

MARC

LEADER 00000 a a2200000 04500
001 28190
003
040
020 |a 9977-47-088  
090 |a 187800  
110 |a Bolaños Céspedes, Fernando  
245 |a Estado social de derecho y negociación colectiva en el sector público  
260 |a San José:   |b Litografía e Imprenta LIL  
300 |a 123 p  
520 |a Se discute el tema del estado social de derecho y el derecho de la negociación en el sector público en Costa Rica. Asimismo, se compara el caso de Costa Rica con otras naciones para finalizar con un análisis de la historia en materia de negociación colectiva del sector público  
650 |a ESTADO  
650 |a NEGOCIACION COLECTIVA  
650 |a COSTA RICA  
999 |c 13133  |d 13133